<?xml version="1.0" encoding="UTF-8"?>
<record
    xmlns:xsi="http://www.w3.org/2001/XMLSchema-instance"
    xsi:schemaLocation="http://www.loc.gov/MARC21/slim http://www.loc.gov/standards/marcxml/schema/MARC21slim.xsd"
    xmlns="http://www.loc.gov/MARC21/slim">

  <leader>01156nam a2200265 i 4500</leader>
  <controlfield tag="001">183082</controlfield>
  <controlfield tag="003">ES-MaACL</controlfield>
  <controlfield tag="005">20240430133451.0</controlfield>
  <controlfield tag="008">140115s2012    sp     | |||||||| | spa d</controlfield>
  <datafield tag="020" ind1=" " ind2=" ">
    <subfield code="a">978-84-9895-094-6</subfield>
  </datafield>
  <datafield tag="080" ind1=" " ind2=" ">
    <subfield code="a">821.134.2-14"19"</subfield>
  </datafield>
  <datafield tag="100" ind1="1" ind2=" ">
    <subfield code="a">Jim&#xE9;nez, Juan Ram&#xF3;n,</subfield>
    <subfield code="d">1881-1958</subfield>
    <subfield code="9">66417</subfield>
  </datafield>
  <datafield tag="245" ind1="1" ind2="3">
    <subfield code="a">La frente pensativa : </subfield>
    <subfield code="b">(1911-1912) ; Pureza (1912) ; El silencio de oro (1911-1913) ; Idilios (1912-1913) ; Monumento de amor (1913-1916) ; Ornato (1913-19--) ; Ellos (1918-19--) / </subfield>
    <subfield code="c">[Juan Ram&#xF3;n Jim&#xE9;nez] ; textos preparados por Francisco Silvera ; pr&#xF3;logo de Jenaro Talens.</subfield>
  </datafield>
  <datafield tag="260" ind1=" " ind2=" ">
    <subfield code="a">Madrid : </subfield>
    <subfield code="b">Visor Libros ; </subfield>
    <subfield code="a">[Huelva] : </subfield>
    <subfield code="b">Diputaci&#xF3;n de Huelva,</subfield>
    <subfield code="c">D.L. 2012.</subfield>
  </datafield>
  <datafield tag="300" ind1=" " ind2=" ">
    <subfield code="a">330 p. ; </subfield>
    <subfield code="c">20 cm.</subfield>
  </datafield>
  <datafield tag="490" ind1="1" ind2=" ">
    <subfield code="a">Obras de Juan Ram&#xF3;n Jim&#xE9;nez ; </subfield>
    <subfield code="v">20</subfield>
  </datafield>
  <datafield tag="490" ind1="1" ind2=" ">
    <subfield code="a">Poes&#xED;a escojida ; </subfield>
    <subfield code="v">3</subfield>
  </datafield>
  <datafield tag="700" ind1="1" ind2=" ">
    <subfield code="a">Silvera, Francisco.</subfield>
    <subfield code="9">140762</subfield>
  </datafield>
  <datafield tag="700" ind1=" " ind2=" ">
    <subfield code="a">Talens, Jenaro,</subfield>
    <subfield code="d">1946-</subfield>
    <subfield code="9">235316</subfield>
  </datafield>
  <datafield tag="830" ind1="0" ind2=" ">
    <subfield code="a">Obras de Juan Ram&#xF3;n Jim&#xE9;nez</subfield>
    <subfield code="v">20</subfield>
    <subfield code="9">191022</subfield>
  </datafield>
  <datafield tag="830" ind1="0" ind2=" ">
    <subfield code="a">Poes&#xED;a escojida ; </subfield>
    <subfield code="v">3</subfield>
    <subfield code="9">191442</subfield>
  </datafield>
  <datafield tag="852" ind1=" " ind2=" ">
    <subfield code="a">ES-MaACL</subfield>
    <subfield code="j">A-13036</subfield>
    <subfield code="9">190016</subfield>
    <subfield code="b">R.149846</subfield>
    <subfield code="c">DEPO1</subfield>
    <subfield code="d">Olim: N-6036</subfield>
  </datafield>
  <datafield tag="942" ind1=" " ind2=" ">
    <subfield code="2">udc</subfield>
    <subfield code="c">MONOGRAFIA</subfield>
  </datafield>
  <datafield tag="999" ind1=" " ind2=" ">
    <subfield code="c">183082</subfield>
    <subfield code="d">183082</subfield>
  </datafield>
  <datafield tag="952" ind1=" " ind2=" ">
    <subfield code="0">0</subfield>
    <subfield code="1">0</subfield>
    <subfield code="2">udc</subfield>
    <subfield code="4">0</subfield>
    <subfield code="7">0</subfield>
    <subfield code="a">ATENEOM</subfield>
    <subfield code="b">ATENEOM</subfield>
    <subfield code="c">DEPO1</subfield>
    <subfield code="d">2014-01-15</subfield>
    <subfield code="e">COMPRA</subfield>
    <subfield code="l">0</subfield>
    <subfield code="o">A-13036</subfield>
    <subfield code="p">1192421</subfield>
    <subfield code="r">2023-02-23 00:00:00</subfield>
    <subfield code="w">2023-02-23</subfield>
    <subfield code="y">MONOGRAFIA</subfield>
  </datafield>
</record>
